Test your business vocabulary in use /

Wedi'i Gadw mewn:
Manylion Llyfryddiaeth
Prif Awdur: Bethell, George.
Awduron Eraill: Aspinall, Tricia.
Fformat: Sách giấy
Iaith:English
Cyhoeddwyd: Cambridge : Cambridge University Press, 2003.
Pynciau:
Tagiau: Ychwanegu Tag
Dim Tagiau, Byddwch y cyntaf i dagio'r cofnod hwn!
Thư viện lưu trữ: Thư viện Trường Đại học Đà Lạt
LEADER 00792nam a2200325 4500
001 DLU110120968
005 ##20110510
040 # # |a DLU  |b vie 
041 # # |a eng 
044 # # |a vn 
082 # # |a 428  |b BE-G 
100 # # |a Bethell, George. 
245 # # |a Test your business vocabulary in use /  |c George Bethell, Tricia Aspinall. 
260 # # |a Cambridge :  |b Cambridge University Press,  |c 2003. 
300 # # |a 102 tr. ;  |c 27 cm. 
653 # # |a Business English 
653 # # |a English language 
653 # # |a Vocabulary 
700 # # |a Aspinall, Tricia. 
923 # # |a 01/2011NN 
991 # # |a GT 
992 # # |a 141000 
994 # # |a KNN 
900 # # |a True 
911 # # |a Đào Thị Thu Huyền 
925 # # |a G 
926 # # |a A 
927 # # |a SH 
980 # # |a Thư viện Trường Đại học Đà Lạt